Trabajos premiados en el Primer Certamen Científico, Literario y Artístico celebrado por la misma el día 16 de septiembre de 1900 en el Colegio de los RR.PP. escolapios y con la cooperación de las autoridades sevillanas. (Record no. 182246)

MARC details
000 -LEADER
campo de control de longitud fija 00812nam a2200157 i 4500
001 - NÚMERO DE CONTROL
campo de control 182246
003 - IDENTIFICADOR DE NÚMERO DE CONTROL
campo de control ES-MaACL
005 - FECHA Y HORA DE LA ÚLTIMA TRANSACCIÓN
campo de control 20230906221550.0
008 - DATOS DE LONGITUD FIJA--INFORMACIÓN GENERAL
campo de control de longitud fija 130725s1901 sp |||| | spa d
110 0# - ENTRADA PRINCIPAL--NOMBRE DE ENTIDAD CORPORATIVA
Nombre de entidad corporativa o nombre de jurisdicción como elemento de entrada Real Asociación de Maestros de Primera Enseñanza `San Casiano`.
9 (RLIN) 6346
245 10 - MENCIÓN DEL TÍTULO
Título Trabajos premiados en el Primer Certamen Científico, Literario y Artístico celebrado por la misma el día 16 de septiembre de 1900 en el Colegio de los RR.PP. escolapios y con la cooperación de las autoridades sevillanas.
Número de parte o sección de la obra Tomo I.
260 ## - PUBLICACIÓN, DISTRIBUCIÓN, ETC.
Lugar de publicación, distribución, etc. [S.l. :
Nombre del editor, distribuidor, etc. s.n.,
Fecha de publicación, distribución, etc. 1901] (
Fabricante Impr. de El Correo de Andalucía)
300 ## - DESCRIPCIÓN FÍSICA
Extensión 86, [6] p. ;
Dimensiones 15 cm.
594 ## - Nota al título y mención de responsabilidad
Nota al título y mención de responsabilidad Precede al tít.: San Casiano, Asociación de Maestros de 1ª Enseñanza establecida en la S.I. del S.C. de Jesús en Sevilla.
852 ## - LOCALIZACIÓN
Ubicación ES-MaACL
Número de control de estantería T-961-F-3
Holdings
Estatus retirado Estado de pérdida Estado de daño No para préstamo Colección Biblioteca de origen Biblioteca actual Ubicación en estantería Fecha de adquisición Fuente de adquisición Total de préstamos Signatura topográfica completa Código de barras Visto por última vez Precio de reemplazo Tipo de ítem Koha
        Colección de folletos Biblioteca del Ateneo de Madrid Biblioteca del Ateneo de Madrid Depósito folletos 25/07/2013     T-961-F-3 1191522 23/02/2023 23/02/2023 Folleto